01629nam a2200433 i 450000100060000000300080000600500170001400600190003100700150005000800410006502000270010603500230013303500240015603500250018003500210020504000310022605000270025708000080028408200160029210000290030824501250033726400990046230000400056133600310060133700330063233800430066549000320070850000230074058801230076365000390088665000580092565000150098365000190099865500270101770000290104470000270107383000330110085600620113349030FlNmELB20241216232010.0m o d | cr cnu||||||||160524s2014 sp o 001 0 spa d a9788469711781 (e-book) a(MiAaPQ)EBC4499415 a(Au-PeEL)EBL4499415 a(CaPaEBR)ebr11201664 a(OCoLC)992015357 aFINmELBbspaerdacFINmELB 4aQA76.73.P98bM393 2014 a0040 a005.1332231 aMarzal Varó, Andrés.10aIntroducción a la programación con Python 3 /cAndrés Marzal Varó, Isabel Gracia Luengo, Pedro García Sevilla. 1aCastelló de la Plana :bUniversitat Jaume I. Servei de Comunicació i Publicacions,c[2014] a1 recurso en línea (79 páginas) atextobtxt2rdacontent/spa acomputadorabc2rdamedia/spa arecurso en líneabcr2rdacarrier/spa1 aColección Sapientia ;v93 aContiene índice. aDescripción basada en recurso en línea; Título de la página del título en PDF (e-libro, visto May 24, 2016). 0aPython (Computer program language) 4aPython (Lenguaje de programación para computadores) 0aComputers. 4aInformática. 4aLibros electrónicos.1 aGarcía Sevilla, Pedro.1 aGracia Luengo, Isabel. 0aColección Sapientia ;v93.40uhttps://elibro.net/ereader/politecnicointernacional/51760